<?xml version="1.0" encoding="UTF-8"?>
<marc:record xmlns:marc="http://www.loc.gov/MARC21/slim">
   <marc:leader>00000nam a2200000 a 4500</marc:leader>
   <marc:datafield ind1="0" ind2="0" tag="245">
      <marc:subfield code="a">Zug um Zug - Meine erste Reise [Spiel]</marc:subfield>
   </marc:datafield>
   <marc:datafield ind1="0" ind2="0" tag="245">
      <marc:subfield code="b">Kinderspiel für 2 - 4 Spieler, ab 6 Jahren</marc:subfield>
   </marc:datafield>
   <marc:datafield ind1=" " ind2="1" tag="264">
      <marc:subfield code="a">Essen</marc:subfield>
      <marc:subfield code="b">Asmodee</marc:subfield>
   </marc:datafield>
   <marc:datafield ind1="1" ind2=" " tag="520">
      <marc:subfield code="a">Eine aufregende Fahrt durch Europa!&#xD;
Sammelt Karten in verschiedenen Farben und setzt eure Waggons auf die passenden Strecken, um eure Zielkarten zu erfüllen.&#xD;
"Meine erste Reise" ist mit seinen einfachen Regeln und der kurzen Spielzeit die perfekte Einführung in die Welt von "Zug um Zug". (Klappentext)</marc:subfield>
   </marc:datafield>
   <marc:datafield ind1=" " ind2=" " tag="041">
      <marc:subfield code="a">ger</marc:subfield>
   </marc:datafield>
   <marc:datafield ind1=" " ind2=" " tag="300">
      <marc:subfield code="a">1 Spielplan, 80 Waggons, 72 Wagenkarten, 32 Zielkarten, 4 Bonus-Zielkarten</marc:subfield>
   </marc:datafield>
</marc:record>
